Italian Loanwords - Statistics

General Stats
  • This quiz has been taken 32 times
  • The average score is 21 of 30
Answer Stats
Hint Answer % Correct
Food made from wheat dough, eggs, and water. Ex: spaghetti, macaroni, lasagna Pasta
96%
Writing or drawings on a public surface, typically done illegally Graffiti
92%
Food consisting of dough with a sauce and cheese, and sometimes meat and vegetables Pizza
92%
One who typically prepares coffee and other drinks Barista
88%
A common disease, often called the flu Influenza
85%
Trousers/pants made from denim or dungaree cloth Jeans
85%
Keyboard instrument that uses hammers that strike keys Piano
85%
A group or chain of islands Archipelago
81%
Far-right ideology based on militarism, autocracy, and forced oppression. Ex: Mussolini Fascism
81%
Partial or fully molten rock that spews out during a volcanic eruption Lava
81%
Cheese that typically is associated with pizza, originated in South Italy Mozzarella
81%
A folding canopy on a stick, often used to protect oneself from rain or sun Umbrella
81%
The willful murder of someone, typically a political leader Assassination
77%
An intense, large, dangerous, fire Inferno
77%
Sentimental longing for the past, usually through experiences or memories Nostalgia
77%
A criminal organization, famous in Sicily, i.e. The Godfather Mafia
73%
Small snacks made of sugar, also called sweets Candy
69%
An drawing that is typically unrealistic and animated Cartoon
69%
The drawing and selection of numbers to win prizes, typically money Lottery
69%
Of low frequency, pitch, or range Bass
65%
Last part of a piece of music, performance, or event Finale
65%
A place where boats and yachts are docked Marina
65%
Italian paste made from basil, olive oil, Parmesan, pecorino sardo, pine nuts, and garlic Pesto
62%
A coastline, often associated with France, Monaco, and Italy Riviera
62%
A ballistic device that uses a lever device to launch projectiles Catapult
54%
A purplish-red color Magenta
46%
A sentence or phrase expressing belief or purpose; Hakuna matata Motto
42%
A copy or remake of an object Replica
38%
Place where arms and ammunition are produced and stored Arsenal
35%
A place where art, literature, theater, or music is done Studio
23%
No matching quizzes found
Score Distribution
Percent of People with Each Score
Percentile by Number Answered
Your Score History
You have not taken this quiz